000
00278nam a2200109Ia 4500
008
201223s9999 xx 000 0 und d
100
_a
Prakash, Om
245
0
_a
(The) Dutch factories in India 1617-1623
260
_a
New Delhi
_b
Munshiram Manoharlal
300
_a
312
942
_c
BK
999
_c
8522
_d
8522